00866nam a2200217 a 4500001001000000003000900010005001700019007000300036008004100039040002500080082002200105100004800127245009700175260003400272300004000306500005500346505003700401651004800438651008200486710008000568000028356DO-SdBNP20240710123700.0ta110408s1991 dr ac r 000 0 spa d aDO-SdBNPbspacBNPHU 4a972.93bM385m2221 aMartínez Almanzar, Juan Franciscod1950 -10aManual de historia crítica Dominicana (1492-1865) /cJuan Francisco Martínez Almánzar. aSanto Domingo :bCAIS,c1991. a2v. :bil., retrs., maps. ;c21 cm. aIncluye biografía del autor en la contracubierta0 gv.1.t1492-1865gv.2.t1865-1965 4aRepública DominicanaxHistoriay1492-1965 4aIsla Española (Haití Y Repúplica Dominicana{Rpara}xHistoriay1492-19652 aCentro de Adiestramientos e Investigación Social (República Dominicana)